Problémy a otázniky zásielkového obchodu

Stúpajúci záujem spotrebiteľov o zásielkový predaj. Špecifické problémy slovenského zásielkového obchodu. Ponukový sortiment najväčších slovenských zásielkových katalógov. Krátke informácie o subjektoch zásielkového obchodu.

Salvato in:
Dettagli Bibliografici
Autore principale: Tytykalová, Halka
Natura: Capitolo di libro
Lingua:slovacco
Soggetti:
Tags: Aggiungi Tag
Nessun Tag, puoi essere il primo ad aggiungerne!!

MARC

LEADER 00000naa a2200000 4500
001 r035561
005 20230929112730.5
041 0 |a slo 
044 |a SK 
245 1 0 |a Problémy a otázniky zásielkového obchodu  |c Halka Tytykalová 
520 |a Stúpajúci záujem spotrebiteľov o zásielkový predaj. Špecifické problémy slovenského zásielkového obchodu. Ponukový sortiment najväčších slovenských zásielkových katalógov. Krátke informácie o subjektoch zásielkového obchodu. 
610 2 0 |a obchod zásielkový 
610 2 0 |a maloobchod 
610 2 0 |a spotrebitelia 
610 2 0 |a konkurencia 
610 2 0 |a katalógy reklamné 
610 2 0 |a Slovensko 
610 2 0 |a Quelle Slovensko, s.r.o. Bratislava 
610 2 0 |a Neckermann 
100 1 |a Tytykalová, Halka